¿ Redescubrirá Centroamérica el Pacífico en el siglo XXI? /
Guardado en:
| Autor principal: | |
|---|---|
| Formato: | Texto |
| Materias: | |
| Etiquetas: |
Agregar Etiqueta
Sin Etiquetas, Sea el primero en etiquetar este registro!
|
MARC
| LEADER | 00000 a a2200000 04500 | ||
|---|---|---|---|
| 001 | 5251 | ||
| 003 | |||
| 040 | |||
| 100 | |a Campos, Napoleón | ||
| 245 | |a ¿ Redescubrirá Centroamérica el Pacífico en el siglo XXI? / |c Napoleón Campos | ||
| 650 | |a COMERCIO | ||
| 650 | |a INTEGRACION REGIONAL | ||
| 650 | |a INTEGRACION ECONOMICA | ||
| 650 | |a COOPERACION ECONOMICA | ||
| 650 | |a AMERICA CENTRAL | ||
| 773 | |g volumen 62, número 706; páginas 697-710 | ||
| 999 | |c 20934 |d 20934 | ||
| 773 | 0 | |0 18723 |9 2720 |a Universidad Centroamericana José Simeón Cañas (UCA) |d San Salvador, El Salvador Universidad Centroamericana José Simeón |o 04222 |t ECA: | |
